[Event "10th Vidmar Memorial"]
[Site "Portoroz/Rogaska Slatina SLO"]
[Date "1993.06.??"]
[Round "6.2"]
[White "Farago, Ivan"]
[Black "Mihaljcisin, Adrijan"]
[Result "1/2-1/2"]
[WhiteElo "2510"]
[BlackElo "2520"]
[EventDate "1993.06.11"]
[PlyCount "40"]

1.d4 Nf6 2.c4 g6 3.Nc3 d5 4.Nf3 Bg7 5.Qb3 dxc4 6.Qxc4 O-O 7.e4 a6 8.Be2 b5
9.Qb3 c5 10.dxc5 Bb7 11.O-O Nxe4 12.Nxe4 Bxe4 13.Rd1 Qc7 14.Be3 Nc6 15.a4 
Na5 16.Qb4 Bc2 17.axb5 axb5 18.Rf1 Nc6 19.Qxb5 Rab8 20.Qc4 Rxb2 1/2-1/2

[Event "10th Vidmar Memorial"]
[Site "Portoroz/Rogaska Slatina SLO"]
[Date "1993.06.??"]
[Round "6.3"]
[White "Grosar, Aljosa"]
[Black "Gabriel, Christian"]
[Result "1/2-1/2"]
[WhiteElo "2480"]
[BlackElo "2510"]
[EventDate "1993.06.11"]
[PlyCount "134"]

1.e4 e5 2.Nf3 Nc6 3.d4 exd4 4.Nxd4 Nf6 5.Nxc6 bxc6 6.e5 Qe7 7.Qe2 Nd5 8.c4
Qb4+ 9.Nd2 Nf4 10.Qe4 Ne6 11.Be2 Bb7 12.O-O c5 13.Qe3 Nd4 14.Bd3 Qb6 15.
Rb1 Be7 16.f4 O-O-O 17.Be4 f5 18.Bxb7+ Qxb7 19.Nf3 Nxf3+ 20.Rxf3 Rhe8 21.
Qa3 d6 22.Qa4 Bh4 23.Be3 Re6 24.Rh3 Be7 25.Qc2 g6 26.Rxh7 dxe5 27.fxe5 
Rxe5 28.Bf4 Qe4 29.Qxe4 Rxe4 30.Rf1 Bd6 31.Bxd6 Rxd6 32.h4 Rxc4 33.h5 gxh5
34.Rxh5 Rd2 35.Rfxf5 Rcc2 36.Rhg5 c4 37.Rc5 Rxb2 38.Rxc4 Rxa2 39.Rg8+ Rd8 
40.Rg5 Rd6 41.Rg7 Rd7 42.Rg6 a5 43.Rg5 a4 44.Ra5 Rd1+ 45.Kh2 Rdd2 46.Rg4 
Kb7 47.Kh3 Rd3+ 48.g3 a3 49.Rga4 Rc3 50.Rb4+ Kc6 51.Rba4 Ra1 52.Kg2 Rb3 
53.Kh2 Kb6 54.Ra6+ Kc5 55.R6a5+ Kc6 56.Kg2 Rd3 57.Ra7 Kd6 58.Ra8 Rc3 59.
Rd8+ Kc5 60.Rda8 c6 61.R8a5+ Kd6 62.Rg5 Rd1 63.Kh3 Rd5 64.Rg8 Kc7 65.Kh4 
Rdd3 66.g4 Rh3+ 67.Kg5 Rc5+ {Hansen,Cu} 1/2-1/2

[Event "10th Vidmar Memorial"]
[Site "Portoroz/Rogaska Slatina SLO"]
[Date "1993.06.??"]
[Round "6.4"]
[White "Skembris, Spyridon"]
[Black "Kozul, Zdenko"]
[Result "1/2-1/2"]
[WhiteElo "2545"]
[BlackElo "2595"]
[EventDate "1993.06.11"]
[PlyCount "26"]

1.d4 Nf6 2.c4 g6 3.Nc3 d5 4.Nf3 Bg7 5.Bg5 Ne4 6.Bh4 Nxc3 7.bxc3 dxc4 8.
Qa4+ Nd7 9.e3 O-O 10.Qxc4 c5 11.Rc1 cxd4 12.cxd4 Qa5+ 13.Qc3 Qxc3+ 1/2-1/2

[Event "10th Vidmar Memorial"]
[Site "Portoroz/Rogaska Slatina SLO"]
[Date "1993.06.??"]
[Round "6.5"]
[White "Gostisa, Leon"]
[Black "Sermek, Drazen"]
[Result "0-1"]
[WhiteElo "2470"]
[BlackElo "2495"]
[EventDate "1993.06.11"]
[PlyCount "54"]

1.d4 Nf6 2.Nf3 c5 3.d5 b5 4.c4 g6 5.a4 bxc4 6.Nc3 d6 7.e4 Ba6 8.Be2 Bg7 9.
O-O Nbd7 10.Bf4 Ng4 11.Qd2 Rb8 12.Rab1 O-O 13.Ne1 Nge5 14.Bg5 Rb3 15.Qd1 
h6 16.Be3 Qb6 17.Qd2 Rb8 18.Bxh6 Rxb2 19.Rxb2 Qxb2 20.Qxb2 Rxb2 21.Bc1 Rb3
22.Nb5 Bxb5 23.axb5 Rxb5 24.f4 Rb1 25.Be3 Rb2 26.Rf2 Rb3 27.Nc2 Nd3 0-1

[Event "10th Vidmar Memorial"]
[Site "Portoroz/Rogaska Slatina SLO"]
[Date "1993.06.??"]
[Round "6.6"]
[White "Sokolov, Ivan"]
[Black "Nikolic, Predrag"]
[Result "1/2-1/2"]
[WhiteElo "2640"]
[BlackElo "2630"]
[EventDate "1993.06.11"]
[PlyCount "97"]

1.d4 d5 2.c4 c6 3.e3 Nf6 4.Nc3 g6 5.Nf3 Bg7 6.cxd5 cxd5 7.Bb5+ Nc6 8.Ne5 
Bd7 9.Qa4 Qc7 10.Nxd7 Qxd7 11.O-O O-O 12.Bxc6 bxc6 13.b3 Rfc8 14.Ba3 a5 
15.Rac1 Bf8 16.Bc5 Qe8 17.Qa3 Nd7 18.Na4 Nxc5 19.Qxc5 e5 20.Qc3 exd4 21.
Qxd4 Rab8 22.Rfd1 Rb4 23.Qc3 Rb5 24.Qd3 Rd8 25.Rc2 h5 26.h4 Rd6 27.g3 Re6 
28.Nc3 Rb4 29.Ne2 a4 30.bxa4 Rxa4 31.Rb1 Qa8 32.Nd4 Rf6 33.Rb6 Rxa2 34.
Rbxc6 Rxc6 35.Rxc6 Ra3 36.Qc2 Qa5 37.Kg2 Ra2 38.Rxg6+ Kh7 39.Qf5 fxg6 40.
Qxf8 Qa8 41.Qf7+ Kh6 42.Ne6 Ra7 43.Qf4+ Kh7 44.Ng5+ Kg8 45.Qd6 Ra6 46.Qd7 
Ra7 47.Qd6 Ra6 48.Qe7 Ra7 49.Qd6 1/2-1/2

[Event "10th Vidmar Memorial"]
[Site "Portoroz/Rogaska Slatina SLO"]
[Date "1993.06.??"]
[Round "7.1"]
[White "Nikolic, Predrag"]
[Black "Mohr, Georg"]
[Result "1-0"]
[WhiteElo "2630"]
[BlackElo "2435"]
[EventDate "1993.06.11"]
[PlyCount "90"]

1.d4 Nf6 2.Nf3 g6 3.c4 Bg7 4.g3 O-O 5.Bg2 c6 6.O-O d6 7.Nc3 Bf5 8.b3 Ne4 
9.Bb2 Nxc3 10.Bxc3 Be4 11.e3 e6 12.Qe2 Nd7 13.Rfd1 d5 14.Bf1 Bxf3 15.Qxf3 
f5 16.Qe2 g5 17.b4 Nf6 18.Be1 g4 19.b5 Ne4 20.bxc6 bxc6 21.cxd5 cxd5 22.
Rab1 Ng5 23.Bg2 Qd7 24.Rdc1 Rab8 25.h4 gxh3 26.Bf1 Rfc8 27.Rxb8 Rxb8 28.f4
Ne4 29.Bxh3 Qb5 30.Qxb5 Rxb5 31.g4 Nd6 32.gxf5 Nxf5 33.Bxf5 exf5 34.Rc8+ 
Bf8 35.Kg2 Rb6 36.Kg3 a6 37.Rd8 Kf7 38.Rxd5 Kg6 39.Rd8 Be7 40.Ra8 h5 41.
Ba5 Rb2 42.Rxa6+ Kg7 43.Be1 Bf6 44.d5 Rb1 45.Ba5 h4+ 1-0

[Event "10th Vidmar Memorial"]
[Site "Portoroz/Rogaska Slatina SLO"]
[Date "1993.06.??"]
[Round "7.3"]
[White "Kozul, Zdenko"]
[Black "Gostisa, Leon"]
[Result "0-1"]
[WhiteElo "2595"]
[BlackElo "2470"]
[EventDate "1993.06.11"]
[PlyCount "122"]

1.d4 Nf6 2.Nf3 e6 3.c4 Bb4+ 4.Nbd2 O-O 5.a3 Bxd2+ 6.Qxd2 b6 7.e3 Bb7 8.b4 
d6 9.Bb2 Nbd7 10.Bd3 Ne4 11.Qc2 f5 12.O-O Ng5 13.Nxg5 Qxg5 14.f4 Qe7 15.d5
Nf6 16.Rf3 exd5 17.Rg3 d4 18.Bxd4 Be4 19.Bxe4 Qxe4 20.Qxe4 fxe4 21.c5 dxc5
22.bxc5 Kf7 23.Rc1 b5 24.c6 h6 25.f5 Rfd8 26.Rg6 Rd6 27.Be5 Rad8 28.Bxd6 
Rxd6 29.g4 Rd5 30.Kf2 a5 31.Rb1 Rc5 32.Kg3 Nd5 33.Re6 Nc3 34.Rb2 Rd5 35.h4
h5 36.Kf4 hxg4 37.Kxg4 Nd1 38.Re2 b4 39.axb4 axb4 40.Re1 b3 41.Rxe4 b2 42.
Rb4 Nf2+ 43.Kg5 Nd3 44.Rb1 Nxb4 45.Rxb2 Nxc6 46.Rc2 Ne7 47.e4 Rd4 48.e5 
Rd5 49.Kf4 c5 50.h5 Nc6 51.Re2 c4 52.h6 gxh6 53.Rh2 Rxe5 54.Rxh6 Rc5 55.
Ke3 c3 56.Rh7+ Kf6 57.Rh6+ Kg7 58.Rh5 Kf6 59.Rh6+ Kg5 60.Rh1 c2 61.Rc1 
Kxf5 0-1

[Event "10th Vidmar Memorial"]
[Site "Portoroz/Rogaska Slatina SLO"]
[Date "1993.06.??"]
[Round "7.4"]
[White "Gabriel, Christian"]
[Black "Skembris, Spyridon"]
[Result "1-0"]
[WhiteElo "2510"]
[BlackElo "2545"]
[EventDate "1993.06.11"]
[PlyCount "79"]

1.Nf3 Nf6 2.c4 b6 3.g3 e6 4.Bg2 Bb7 5.O-O Be7 6.d4 O-O 7.Nc3 Ne4 8.Qc2 f5 
9.Ne5 d5 10.cxd5 exd5 11.Qb3 a5 12.Be3 Kh8 13.Rac1 Bd6 14.Nb5 Bxe5 15.dxe5
Na6 16.Bxe4 f4 17.Nxc7 Nxc7 18.Bxb6 a4 19.Qd1 Qg5 20.Rxc7 dxe4 21.Rxb7 e3 
22.Qd5 Rae8 23.Rf7 Qh5 24.Rxf8+ Rxf8 25.Qf3 Qxe5 26.Bxe3 Qxb2 27.Bc5 Rc8 
28.a3 h6 29.Bb4 Re8 30.Qxf4 Rxe2 31.Qc1 Qf6 32.Qd1 Qf3 33.Qxa4 h5 34.Bc5 
Re4 35.Qd1 Qf5 36.Qd8+ Kh7 37.Qd3 g6 38.Be3 Qf3 39.Qd7+ Kg8 40.Rc1 1-0

[Event "10th Vidmar Memorial"]
[Site "Portoroz/Rogaska Slatina SLO"]
[Date "1993.06.??"]
[Round "7.5"]
[White "Mihaljcisin, Adrijan"]
[Black "Grosar, Aljosa"]
[Result "1/2-1/2"]
[WhiteElo "2520"]
[BlackElo "2480"]
[EventDate "1993.06.11"]
[PlyCount "63"]

1.d4 Nf6 2.c4 e6 3.Nf3 b6 4.e3 Bb7 5.Bd3 d5 6.O-O Bd6 7.Nc3 a6 8.Qc2 Nbd7 
9.e4 dxe4 10.Nxe4 Nxe4 11.Bxe4 Bxe4 12.Qxe4 O-O 13.Rd1 Nf6 14.Qe2 Nd7 15.
Bg5 Qe8 16.Ne5 h6 17.Bf4 Rd8 18.Rd3 f6 19.Nxd7 Qxd7 20.Be3 Rfe8 21.Rad1 
Qc6 22.b3 Qe4 23.Qh5 Kh7 24.d5 exd5 25.Rxd5 Re7 26.R5d4 Qc2 27.R4d2 Qe4 
28.Rd4 Qe6 29.g3 Rde8 30.Qf3 b5 31.cxb5 axb5 32.Rd5 1/2-1/2

[Event "10th Vidmar Memorial"]
[Site "Portoroz/Rogaska Slatina SLO"]
[Date "1993.06.??"]
[Round "7.6"]
[White "Hulak, Krunoslav"]
[Black "Farago, Ivan"]
[Result "1-0"]
[WhiteElo "2535"]
[BlackElo "2510"]
[EventDate "1993.06.11"]
[PlyCount "159"]

1.d4 e6 2.g3 f5 3.Bg2 Nf6 4.Nf3 d5 5.O-O Bd6 6.c4 c6 7.b3 Qe7 8.Bb2 O-O 9.
Ne5 Bd7 10.Nd2 Be8 11.Qc2 Nbd7 12.e3 Ne4 13.Nd3 g5 14.f3 Nxd2 15.Qxd2 Bg6 
16.Bc3 Rad8 17.f4 g4 18.c5 Bc7 19.Ba5 Nf6 20.Bxc7 Qxc7 21.Ne5 Be8 22.a4 
Kg7 23.Rfb1 h5 24.b4 a6 25.Qc1 Rh8 26.Bf1 Nd7 27.h4 gxh3 28.Nf3 Nf6 29.b5 
axb5 30.axb5 h2+ 31.Kxh2 Ng4+ 32.Kg1 Kf6 33.Ra7 Rb8 34.Ng5 Bd7 35.b6 Qd8 
36.Bh3 Qe8 37.Rb2 Qg6 38.Kf1 Ke7 39.Ke2 e5 40.Kd2 e4 41.Kc3 Nf6 42.Bf1 Nh7
43.Nxh7 Rxh7 44.Rh2 Ke6 45.Be2 Rhh8 46.Rh3 Be8 47.Qa1 Bf7 48.Ra2 Qg7 49.
Kb4 Rbg8 50.Qh1 Rh6 51.Ra7 Rb8 52.Qh2 Rhh8 53.Rh4 Kf6 54.Bd1 Bg6 55.Ra2 
Bf7 56.Ra1 Rbg8 57.Rh3 Bg6 58.Be2 Rh7 59.Rh1 Rgh8 60.Bd1 Ke6 61.Qa2 Qf7 
62.Qa1 Rg8 63.R1h2 Kf6 64.Ra2 Rhh8 65.Be2 Ke6 66.Ra7 Rb8 67.Qa4 Qd7 68.Rh1
Qf7 69.Ba6 Qd7 70.Ra1 Rh7 71.Bxb7 Rxb7 72.Rxb7 Qxb7 73.Qa8 Re7 74.Qxb7 
Rxb7 75.Ra8 h4 76.gxh4 Bh5 77.Ra7 Rb8 78.Ka5 Be2 79.b7 Kd7 80.Kb6 1-0

[Event "10th Vidmar Memorial"]
[Site "Portoroz/Rogaska Slatina SLO"]
[Date "1993.06.??"]
[Round "8.1"]
[White "Mohr, Georg"]
[Black "Farago, Ivan"]
[Result "0-1"]
[WhiteElo "2435"]
[BlackElo "2510"]
[EventDate "1993.06.11"]
[PlyCount "90"]

1.e4 c5 2.Nf3 e6 3.d4 cxd4 4.Nxd4 a6 5.Bd3 Nf6 6.Nc3 d6 7.f4 Qc7 8.Qf3 
Nbd7 9.g4 Nc5 10.g5 Nfd7 11.Bd2 b5 12.b4 Nxd3+ 13.cxd3 Nb6 14.Rc1 Qd7 15.
Qf2 Be7 16.Ndxb5 axb5 17.Qxb6 O-O 18.Qxb5 Qa7 19.Ke2 Ba6 20.Qa4 Qd4 21.Qc2
Qxb4 22.Qb1 Qa3 23.Qb3 d5 24.e5 Qc5 25.Ne4 Bxd3+ 26.Qxd3 dxe4 27.Qxe4 Qb5+
28.Qc4 Qb7 29.Qc6 Qa7 30.Rc2 g6 31.Be3 Qa5 32.Rd1 Kg7 33.Qb7 Qa4 34.Rc7 
Rab8 35.Qa7 Rb2+ 36.Rd2 Qb5+ 37.Kf2 Bd8 38.Rd7 Rxd2+ 39.Rxd2 Ba5 40.Qd7 
Qb1 41.Re2 Qh1 42.Qb5 Qxh2+ 43.Kf1 Qh1+ 44.Kf2 Ra8 45.Qc5 Be1+ 0-1

[Event "10th Vidmar Memorial"]
[Site "Portoroz/Rogaska Slatina SLO"]
[Date "1993.06.??"]
[Round "8.2"]
[White "Grosar, Aljosa"]
[Black "Hulak, Krunoslav"]
[Result "0-1"]
[WhiteElo "2480"]
[BlackElo "2535"]
[EventDate "1993.06.11"]
[PlyCount "110"]

1.e4 c5 2.Nf3 e6 3.c3 d5 4.e5 d4 5.Bd3 Nc6 6.O-O Nge7 7.Re1 Ng6 8.g3 b6 9.
Be4 Bd7 10.cxd4 cxd4 11.Na3 Rc8 12.Nc2 Ngxe5 13.Ncxd4 Nxf3+ 14.Nxf3 Be7 
15.d4 O-O 16.Ne5 Be8 17.Be3 Nb4 18.a3 Nd5 19.Rc1 Nxe3 20.fxe3 Rxc1 21.Qxc1
Bd6 22.Qc2 h5 23.Nf3 Bd7 24.Rc1 Qe7 25.Qe2 g6 26.Qa6 e5 27.dxe5 Bxe5 28.
Nxe5 Qxe5 29.Qd3 Qxb2 30.Rc7 Bh3 31.Bd5 Qa1+ 32.Kf2 Qf6+ 33.Ke1 Be6 34.
Rxa7 Qa1+ 35.Kf2 Qb2+ 36.Kg1 Qc1+ 37.Kf2 Rd8 38.Ra8 Rxa8 39.Bxa8 Bc4 40.
Qd8+ Kh7 41.Bg2 Qb2+ 42.Kg1 Qxa3 43.Qd4 Qc1+ 44.Kf2 b5 45.h3 b4 46.g4 hxg4
47.hxg4 Qc3 48.g5 Qxd4 49.exd4 b3 50.Be4 b2 51.Ke3 Ba2 52.Kf4 b1=Q 53.Bxb1
Bxb1 54.Ke5 Kg7 55.d5 Bf5 0-1

[Event "10th Vidmar Memorial"]
[Site "Portoroz/Rogaska Slatina SLO"]
[Date "1993.06.??"]
[Round "8.3"]
[White "Skembris, Spyridon"]
[Black "Mihaljcisin, Adrijan"]
[Result "1/2-1/2"]
[WhiteElo "2545"]
[BlackElo "2520"]
[EventDate "1993.06.11"]
[PlyCount "53"]

1.d4 Nf6 2.c4 g6 3.Nf3 Bg7 4.Nc3 d5 5.cxd5 Nxd5 6.Qb3 Nb6 7.Bg5 h6 8.Bh4 
Be6 9.Qc2 Nc6 10.Rd1 Nb4 11.Qb1 O-O 12.a3 N4d5 13.Nxd5 Qxd5 14.Bxe7 Rfe8 
15.Bb4 Bg4 16.Ne5 c5 17.Bxc5 Bxe5 18.Bxb6 Bf4 19.Bc5 b6 20.Bb4 Bxe2 21.
Bxe2 Qxg2 22.Rf1 Rxe2+ 23.Kxe2 Re8+ 24.Kd3 Qf3+ 25.Kc2 Rc8+ 26.Bc3 Qe2+ 
27.Kb3 1/2-1/2

[Event "10th Vidmar Memorial"]
[Site "Portoroz/Rogaska Slatina SLO"]
[Date "1993.06.??"]
[Round "8.4"]
[White "Gostisa, Leon"]
[Black "Gabriel, Christian"]
[Result "0-1"]
[WhiteElo "2470"]
[BlackElo "2510"]
[EventDate "1993.06.11"]
[PlyCount "68"]

1.d4 d5 2.Nf3 c6 3.c4 Nf6 4.e3 Bf5 5.Nc3 e6 6.Qb3 Qb6 7.Bd2 Nbd7 8.Qxb6 
axb6 9.Nh4 Bg6 10.cxd5 exd5 11.Nxg6 hxg6 12.Bd3 Bd6 13.g3 b5 14.O-O b4 15.
Ne2 g5 16.Kg2 g4 17.Ng1 Ne4 18.Be1 Ndf6 19.h3 Ke7 20.Be2 gxh3+ 21.Nxh3 g5 
22.g4 Rh4 23.f4 Rhh8 24.fxg5 Nh7 25.g6 fxg6 26.Nf4 Nf8 27.Rh1 Rxh1 28.Kxh1
b3 29.a3 Bxf4 30.exf4 Ne6 31.Bb4+ Kd7 32.Bf3 Nxf4 33.Bxe4 dxe4 34.Re1 Re8 
0-1

[Event "10th Vidmar Memorial"]
[Site "Portoroz/Rogaska Slatina SLO"]
[Date "1993.06.??"]
[Round "9.1"]
[White "Sermek, Drazen"]
[Black "Mohr, Georg"]
[Result "1/2-1/2"]
[WhiteElo "2495"]
[BlackElo "2435"]
[EventDate "1993.06.11"]
[PlyCount "74"]

1.e4 e6 2.d4 d5 3.Nd2 Nc6 4.c3 e5 5.dxe5 dxe4 6.Qa4 Qd5 7.f4 exf3 8.Ngxf3 
Bd7 9.Qf4 Nge7 10.Bc4 Ng6 11.Qe3 Qc5 12.Bxf7+ Kxf7 13.e6+ Ke8 14.exd7+ 
Kxd7 15.Ne4 Qxe3+ 16.Bxe3 Re8 17.O-O-O+ Kc8 18.Nfd2 Nge5 19.Kc2 Nc4 20.
Rde1 Nxe3+ 21.Rxe3 Be7 22.Rhe1 Ref8 23.b4 Nb8 24.a4 h6 25.Nf3 Nd7 26.a5 a6
27.Nd4 Nf6 28.Ne6 Rfg8 29.Nf4 g5 30.Nxf6 Bxf6 31.Nd5 Rf8 32.Rf1 Bd8 33.
Ref3 Rxf3 34.Rxf3 Kd7 35.Kd3 Ke6 36.c4 c6 37.Nc3 Be7 1/2-1/2

[Event "10th Vidmar Memorial"]
[Site "Portoroz/Rogaska Slatina SLO"]
[Date "1993.06.??"]
[Round "9.3"]
[White "Gabriel, Christian"]
[Black "Sokolov, Ivan"]
[Result "1/2-1/2"]
[WhiteElo "2510"]
[BlackElo "2640"]
[EventDate "1993.06.11"]
[PlyCount "57"]

1.c4 e5 2.Nc3 d6 3.g3 f5 4.Bg2 Nf6 5.e3 c6 6.Nge2 Na6 7.O-O Be7 8.Rb1 Be6 
9.b4 Bxc4 10.b5 Nb8 11.bxc6 bxc6 12.Bxc6+ Nxc6 13.Qa4 Bd3 14.Qxc6+ Kf7 15.
Rb7 Qc8 16.Rc7 Qe6 17.Ba3 Rhd8 18.f4 Rac8 19.Rxc8 Qxc8 20.Qa4 Qc4 21.Qxc4+
Bxc4 22.Rb1 Rd7 23.Kf1 Rc7 24.Ke1 Nd7 25.fxe5 dxe5 26.Bxe7 Kxe7 27.d4 Nb6 
28.dxe5 Bxe2 29.Nxe2 1/2-1/2

[Event "10th Vidmar Memorial"]
[Site "Portoroz/Rogaska Slatina SLO"]
[Date "1993.06.??"]
[Round "9.4"]
[White "Mihaljcisin, Adrijan"]
[Black "Gostisa, Leon"]
[Result "1-0"]
[WhiteElo "2520"]
[BlackElo "2470"]
[EventDate "1993.06.11"]
[PlyCount "55"]

1.d4 Nf6 2.c4 e6 3.Nf3 Bb4+ 4.Nbd2 O-O 5.a3 Bxd2+ 6.Bxd2 d6 7.Bg5 Nbd7 8.
e3 Qe7 9.Be2 Re8 10.O-O Nf8 11.Nd2 h6 12.Bxf6 Qxf6 13.f4 Bd7 14.Bf3 Qe7 
15.b4 Rab8 16.Qc2 c5 17.dxc5 dxc5 18.b5 e5 19.f5 Qg5 20.Bd5 e4 21.Nxe4 
Qxe3+ 22.Kh1 Nh7 23.Rae1 Qxa3 24.f6 Be6 25.fxg7 Qa5 26.Nd6 Re7 27.Nxf7 
Rbe8 28.Qg6 1-0

[Event "10th Vidmar Memorial"]
[Site "Portoroz/Rogaska Slatina SLO"]
[Date "1993.06.??"]
[Round "9.5"]
[White "Hulak, Krunoslav"]
[Black "Skembris, Spyridon"]
[Result "1-0"]
[WhiteElo "2535"]
[BlackElo "2545"]
[EventDate "1993.06.11"]
[PlyCount "81"]

1.d4 Nf6 2.c4 e6 3.g3 d5 4.Bg2 Bb4+ 5.Bd2 Be7 6.Qb3 O-O 7.Nf3 Ne4 8.O-O 
Nxd2 9.Nbxd2 c6 10.e4 dxe4 11.Nxe4 Nd7 12.Rad1 Qc7 13.Rfe1 Nf6 14.c5 Bd7 
15.Ne5 Nxe4 16.Bxe4 g6 17.h4 Rad8 18.Qf3 Bc8 19.Bb1 Rd5 20.Qf4 Qd8 21.b4 
f6 22.Nf3 e5 23.Qe3 Bf5 24.Bxf5 gxf5 25.Qb3 e4 26.Nd2 Kh8 27.Nc4 f4 28.
Rxe4 fxg3 29.fxg3 Rg8 30.Qe3 Bf8 31.Rf1 Qd7 32.Kh2 f5 33.Re6 Rxd4 34.Nd6 
Rxb4 35.Qe5+ Bg7 36.Qxf5 Rb2+ 37.Kh1 Ra8 38.h5 Rf8 39.Qxf8+ Bxf8 40.Rxf8+ 
Kg7 41.Rfe8 1-0

[Event "10th Vidmar Memorial"]
[Site "Portoroz/Rogaska Slatina SLO"]
[Date "1993.06.??"]
[Round "9.6"]
[White "Farago, Ivan"]
[Black "Grosar, Aljosa"]
[Result "1-0"]
[WhiteElo "2510"]
[BlackElo "2480"]
[EventDate "1993.06.11"]
[PlyCount "119"]

1.d4 Nf6 2.c4 e6 3.Nf3 b6 4.g3 Ba6 5.b3 Bb7 6.Bg2 Bb4+ 7.Bd2 c5 8.O-O O-O 
9.Bc3 Na6 10.Bb2 cxd4 11.a3 Be7 12.b4 d5 13.Nxd4 Rc8 14.Nd2 Qd7 15.cxd5 
Bxd5 16.e4 Bb7 17.Qb3 Nc7 18.Rfd1 Rfd8 19.Bh3 Qe8 20.f3 Nb5 21.Nxe6 fxe6 
22.Bxe6+ Kh8 23.Bxc8 Bxc8 24.Nf1 Nc7 25.Rxd8 Qxd8 26.Rd1 Qe8 27.Qc3 Ne6 
28.Ne3 Ng5 29.Nd5 Bh3 30.Rd3 Qf8 31.Nxe7 Qxe7 32.Qe5 Qxe5 33.Bxe5 h5 34.
Rd8+ Kh7 35.Bxf6 gxf6 36.Kf2 Be6 37.Ra8 b5 38.Rxa7+ Kg6 39.a4 bxa4 40.b5 
Nf7 41.b6 Nd6 42.b7 Nxb7 43.Rxb7 a3 44.Ra7 a2 45.Ke3 h4 46.Kf4 Kh5 47.Ra5+
Kg6 48.gxh4 Kh6 49.Kg3 Kg6 50.f4 Bb3 51.f5+ Kh5 52.Ra8 Kh6 53.Kf4 Bc4 54.
e5 fxe5+ 55.Kxe5 Kg7 56.Ra7+ Bf7 57.h3 Kf8 58.Kf6 Bd5 59.h5 Kg8 60.Ke7 1-0

[Event "10th Vidmar Memorial"]
[Site "Portoroz/Rogaska Slatina SLO"]
[Date "1993.06.??"]
[Round "10.1"]
[White "Mohr, Georg"]
[Black "Grosar, Aljosa"]
[Result "1/2-1/2"]
[WhiteElo "2435"]
[BlackElo "2480"]
[EventDate "1993.06.11"]
[PlyCount "37"]

1.Nf3 Nf6 2.c4 c5 3.d4 cxd4 4.Nxd4 e5 5.Nc2 d5 6.cxd5 Qxd5 7.Qxd5 Nxd5 8.
e4 Nb4 9.Nxb4 Bxb4+ 10.Bd2 Nc6 11.Bb5 Bd7 12.Bxc6 Bxd2+ 13.Kxd2 Bxc6 14.
Ke3 O-O-O 15.Nc3 Rd6 16.Rad1 Rhd8 17.Rxd6 Rxd6 18.Rd1 Rxd1 19.Nxd1 1/2-1/2

[Event "10th Vidmar Memorial"]
[Site "Portoroz/Rogaska Slatina SLO"]
[Date "1993.06.??"]
[Round "10.2"]
[White "Skembris, Spyridon"]
[Black "Farago, Ivan"]
[Result "1/2-1/2"]
[WhiteElo "2545"]
[BlackElo "2510"]
[EventDate "1993.06.11"]
[PlyCount "45"]

1.d4 Nf6 2.c4 e6 3.g3 d5 4.Nf3 dxc4 5.Qa4+ Nbd7 6.Bg2 a6 7.Qxc4 b5 8.Qc6 
Rb8 9.Bf4 Nd5 10.Bg5 Be7 11.Qc1 Bb7 12.O-O O-O 13.Rd1 h6 14.Bxe7 Qxe7 15.
Nc3 N5f6 16.Qe3 c5 17.dxc5 Nxc5 18.Rd4 Rfd8 19.Rad1 Rxd4 20.Qxd4 Bxf3 21.
Bxf3 b4 22.Ne4 Nfxe4 23.Bxe4 1/2-1/2

[Event "10th Vidmar Memorial"]
[Site "Portoroz/Rogaska Slatina SLO"]
[Date "1993.06.??"]
[Round "10.3"]
[White "Gostisa, Leon"]
[Black "Hulak, Krunoslav"]
[Result "1-0"]
[WhiteElo "2470"]
[BlackElo "2535"]
[EventDate "1993.06.11"]
[PlyCount "151"]

1.d4 Nf6 2.Nf3 g6 3.Bg5 Bg7 4.Nbd2 d5 5.e3 O-O 6.Be2 Nbd7 7.O-O c6 8.c4 h6
9.Bh4 g5 10.Bg3 Nh5 11.cxd5 Nxg3 12.hxg3 cxd5 13.Rc1 Nb6 14.Ne5 f6 15.Nd3 
e5 16.dxe5 fxe5 17.e4 dxe4 18.Qb3+ Kh8 19.Nxe4 Qe7 20.Ndc5 Bf5 21.Rfd1 
Rad8 22.g4 Bh7 23.Bf3 Bg8 24.Qa3 Nc8 25.Rxd8 Rxd8 26.Ng3 e4 27.Nf5 Qe5 28.
Nxe4 Qxb2 29.Qxb2 Bxb2 30.Rb1 Be5 31.Rxb7 Bd5 32.Nxh6 Bxb7 33.Nf7+ Kg8 34.
Nxd8 Bd5 35.a4 Bb3 36.Nc5 Bc2 37.Be4 Bd1 38.Bf5 Ne7 39.Bd7 a5 40.Ne4 Nd5 
41.Nc6 Bc7 42.Nxg5 Bb6 43.Ne6 Kh8 44.Ne5 Nf6 45.g5 Ne4 46.g6 Bxf2+ 47.Kf1 
Be3 48.g7+ Kg8 49.Ng6 Nf6 50.Be8 Bc5 51.Nxc5 Nxe8 52.Ke1 Bc2 53.Ne7+ Kxg7 
54.Kd2 Bxa4 55.Nxa4 Kf6 56.Nc6 Kg5 57.Ke3 Kg4 58.Kf2 Nd6 59.Nc3 a4 60.Nxa4
Ne4+ 61.Kg1 Ng5 62.Ne5+ Kf4 63.Ng6+ Kf5 64.Ne7+ Kg4 65.Nd5 Nf3+ 66.Kf2 Nh4
67.Ne3+ Kg5 68.g3 Ng6 69.Nc5 Kf6 70.Kf3 Ne5+ 71.Ke4 Ng6 72.Kf3 Ne5+ 73.Kf4
Ng6+ 74.Ke4 Nf8 75.Ng4+ Kg5 76.Ne5 1-0

[Event "10th Vidmar Memorial"]
[Site "Portoroz/Rogaska Slatina SLO"]
[Date "1993.06.??"]
[Round "10.4"]
[White "Sokolov, Ivan"]
[Black "Mihaljcisin, Adrijan"]
[Result "1-0"]
[WhiteElo "2640"]
[BlackElo "2520"]
[EventDate "1993.06.11"]
[PlyCount "81"]

1.d4 Nf6 2.c4 g6 3.Nc3 d5 4.cxd5 Nxd5 5.e4 Nxc3 6.bxc3 Bg7 7.Bb5+ c6 8.Ba4
b5 9.Bb3 b4 10.Qf3 O-O 11.e5 bxc3 12.Qxc3 Nd7 13.f4 Nb6 14.Nf3 a5 15.O-O 
Ba6 16.Re1 a4 17.Bc2 Qd7 18.Qc5 Rab8 19.Rb1 Bb5 20.Be4 f5 21.exf6 exf6 22.
f5 g5 23.h4 h6 24.hxg5 hxg5 25.Be3 Nd5 26.Bf2 Nf4 27.Bg3 Rfd8 28.Bxf4 gxf4
29.Rbd1 Qd6 30.Qc3 Re8 31.Nh4 Rbd8 32.Ng6 Bh6 33.Qf3 Bc4 34.Qg4 Bg5 35.Ne5
Bf7 36.Nf3 Kf8 37.Nxg5 fxg5 38.Qxg5 Bxa2 39.f6 Qc7 40.Bg6 Rxe1+ 41.Rxe1 
1-0

[Event "10th Vidmar Memorial"]
[Site "Portoroz/Rogaska Slatina SLO"]
[Date "1993.06.??"]
[Round "10.5"]
[White "Nikolic, Predrag"]
[Black "Gabriel, Christian"]
[Result "1/2-1/2"]
[WhiteElo "2630"]
[BlackElo "2510"]
[EventDate "1993.06.11"]
[PlyCount "82"]

1.d4 Nf6 2.c4 e6 3.Nc3 d5 4.Bg5 Be7 5.e3 O-O 6.Qc2 h6 7.Bxf6 Bxf6 8.Rd1 
Nc6 9.Nf3 b6 10.a3 Bb7 11.cxd5 exd5 12.Be2 Ne7 13.O-O Re8 14.b4 c6 15.Rd2 
a6 16.a4 a5 17.b5 Rc8 18.bxc6 Nxc6 19.Qb3 Nb4 20.Na2 Be7 21.Bb5 Rf8 22.Ne5
Nxa2 23.Rxa2 Bd6 24.Nd3 Qh4 25.g3 Qe4 26.Rd1 Rc4 27.Ne1 Rb4 28.Qd3 Rc8 29.
Qe2 Rc3 30.Rc2 Rbb3 31.Rxc3 Rxc3 32.Qb2 Bb4 33.Nd3 Bc8 34.Nxb4 axb4 35.Bf1
Rc2 36.Qb3 Qf5 37.f3 Rc3 38.Qxb4 Rxe3 39.f4 Qc2 40.Rd2 Qc1 41.Qb2 Re1 
1/2-1/2

[Event "10th Vidmar Memorial"]
[Site "Portoroz/Rogaska Slatina SLO"]
[Date "1993.06.??"]
[Round "10.6"]
[White "Sermek, Drazen"]
[Black "Kozul, Zdenko"]
[Result "1-0"]
[WhiteElo "2495"]
[BlackElo "2595"]
[EventDate "1993.06.11"]
[PlyCount "121"]

1.e4 c5 2.c3 Nf6 3.e5 Nd5 4.d4 cxd4 5.Nf3 Nc6 6.Bc4 e6 7.cxd4 d6 8.O-O Be7
9.Qe2 Qc7 10.Qe4 dxe5 11.dxe5 Bd7 12.Bd2 O-O 13.Bxd5 exd5 14.Qxd5 Bf5 15.
Qc4 Rad8 16.Re1 Qb6 17.Bc3 Rfe8 18.Qf4 Be6 19.a3 Bc5 20.Ng5 Ne7 21.Nd2 Nd5
22.Qh4 Bxf2+ 23.Qxf2 Qxf2+ 24.Kxf2 Nxc3 25.Ndf3 Na4 26.Nxe6 Rxe6 27.Red1 
Ree8 28.b3 Nc5 29.b4 Ne6 30.Ke3 Kf8 31.Rxd8 Rxd8 32.Rc1 Ke7 33.Nd2 Rd5 34.
Nf3 Rd8 35.g4 h6 36.h4 a6 37.h5 Ke8 38.Ke4 Ke7 39.Ke3 Kf8 40.Nh4 Rd5 41.
Rc8+ Ke7 42.Nf5+ Kd7 43.Ke4 Rd1 44.Rb8 Re1+ 45.Kf3 Kc6 46.Rg8 Rxe5 47.Nxg7
Ng5+ 48.Kf2 Re4 49.Nf5 Rxg4 50.Nxh6 Nh3+ 51.Kf3 Rh4 52.Rc8+ Kd7 53.Rc5 b6 
54.Rf5 Rc4 55.Kg3 Rc3+ 56.Kg4 Ke6 57.Nxf7 b5 58.Nd8+ Ke7 59.h6 Rc1 60.Rf7+
Kd6 61.h7 1-0

[Event "10th Vidmar Memorial"]
[Site "Portoroz/Rogaska Slatina SLO"]
[Date "1993.06.??"]
[Round "11.2"]
[White "Gabriel, Christian"]
[Black "Sermek, Drazen"]
[Result "1/2-1/2"]
[WhiteElo "2510"]
[BlackElo "2495"]
[EventDate "1993.06.11"]
[PlyCount "122"]

1.d4 d5 2.c4 dxc4 3.e3 c5 4.Bxc4 cxd4 5.exd4 Qc7 6.Be2 e6 7.Nf3 Nf6 8.O-O 
Be7 9.Nc3 O-O 10.Bg5 Nc6 11.Rc1 Rd8 12.a3 Qa5 13.b4 Qf5 14.Bd3 Qg4 15.h3 
Qh5 16.Ne2 Nd5 17.Ng3 Qxg5 18.Nxg5 Bxg5 19.Rc2 Nxd4 20.Bxh7+ Kxh7 21.Qxd4 
Ne3 22.Qxd8 Bxd8 23.fxe3 f5 24.Rd1 Bb6 25.Nf1 f4 26.Kh1 e5 27.e4 Be6 28.
Rd6 Bb3 29.Rc3 Ba4 30.Nd2 Re8 31.Nf3 Bc6 32.Kh2 Kg8 33.Rcxc6 bxc6 34.Rxc6 
Rd8 35.h4 Rd3 36.a4 Rb3 37.Rc4 Bf2 38.b5 Ra3 39.Kh3 Bb6 40.h5 Kf8 41.Kh2 
Kg8 42.Kh3 Kf8 43.Kg4 Ra2 44.Nh4 Kf7 45.Kf5 Bd8 46.Nf3 Rxg2 47.Nxe5+ Ke8 
48.Kxf4 Bb6 49.Ng4 Rg1 50.e5 Kf7 51.Rc2 Ra1 52.Kf5 Rf1+ 53.Ke4 Rh1 54.Kd5 
Ke7 55.Ra2 Ba5 56.Rh2 Rd1+ 57.Ke4 Ra1 58.Kf5 Rxa4 59.h6 gxh6 60.Rxh6 Rb4 
61.Rh7+ Kd8 1/2-1/2

[Event "10th Vidmar Memorial"]
[Site "Portoroz/Rogaska Slatina SLO"]
[Date "1993.06.??"]
[Round "11.6"]
[White "Grosar, Aljosa"]
[Black "Skembris, Spyridon"]
[Result "1/2-1/2"]
[WhiteElo "2480"]
[BlackElo "2545"]
[EventDate "1993.06.11"]
[PlyCount "29"]

1.e4 e5 2.Nf3 Nf6 3.Nc3 Nc6 4.d4 exd4 5.Nxd4 Bb4 6.Nxc6 bxc6 7.Bd3 d5 8.
exd5 Qe7+ 9.Qe2 cxd5 10.Bd2 Qxe2+ 11.Kxe2 c6 12.Na4 Bd6 13.Be3 O-O 14.f3 
Nd7 15.Kf2 1/2-1/2